00919nam a2200241 a 450000500170000000800410001702000150005804000270007304100080010004400080010808200160011610000200013224501460015226000490029830000180034765000250036565000250039065000360041565000210045194200150047299900150048795201750050220200104041535.0140306b1999 -ku||||| |||| 00| 0 eng d a185898906X aCO-BoIAVH cCO-BoIAVH  aeng axxk14a363.7bS83m1 aSterner, Thomas14aThe market and the environment:bthe effectiveness of market-based policy instruments for environmental reform /ceditado por Thomas Sterner aCheltenham:bEdwar Elgar Publishing, c1999. a488 páginas14aEconomía ambiental14aPolítica ambiental14aProtección del medio ambiente14aManejo ambiental cLIBRO2ddc c2748d2748 00102ddc40708GENERALIINV2017aBogotabBogotad2002-06-18eRudas, Guillermog39000.00l0oLB-363.7 S83mp004942r2012-12-04 00:00:00tEj. 1w2012-12-04xComprayLIBRO